ELEMENTS OF DENTAL MATERIALS (Record no. 2525)

MARC details
000 -LEADER
fixed length control field 00373nam a2200145Ia 4500
008 - FIXED-LENGTH DATA ELEMENTS--GENERAL INFORMATION
fixed length control field 150201s1984 xx 000 0 und d
082 ## - DEWEY DECIMAL CLASSIFICATION NUMBER
Classification number 617.695
Item number A1984P
100 ## - MAIN ENTRY--PERSONAL NAME
Personal name PHILLIPS
245 ## - TITLE STATEMENT
Title ELEMENTS OF DENTAL MATERIALS
250 ## - EDITION STATEMENT
Edition statement 4TH
260 ## - PUBLICATION, DISTRIBUTION, ETC. (IMPRINT)
Name of publisher, distributor, etc. W.B.SAUNDERS COMPANY
Place of publication, distribution, etc. PHILADILPHIA(U.S.A)
Date of publication, distribution, etc. 1984
300 ## - PHYSICAL DESCRIPTION
Extent 1-399
650 ## - SUBJECT ADDED ENTRY--TOPICAL TERM
Topical term or geographic name as entry element DENTAL MATERIAL
942 ## - ADDED ENTRY ELEMENTS (KOHA)
Source of classification or shelving scheme Dewey Decimal Classification
Koha item type Books
Koha issues (borrowed), all copies 1
Holdings
Withdrawn status Lost status Source of classification or shelving scheme Damaged status Not for loan Home library Current library Date acquired Source of acquisition Cost, normal purchase price Serial Enumeration / chronology SGTU Bill Number Total Checkouts Full call number Barcode Date last seen Date last checked out Bill Date Koha item type
    Dewey Decimal Classification     SGT Dental Library SGT Dental Library 10/04/2002 U.B.S.DELHI 925.00 1 SGTU 45 2 617.695 A1984P FD397 08/05/2025 07/05/2025 25/01/2012 Books
    Dewey Decimal Classification     SGT Dental Library SGT Dental Library 21/02/2005 JAYPEE PUBLICATION 750.00 1 SGTU 286 1 617.695 E1984P FD2985 15/05/2026 14/05/2026 02/04/2012 Books
    Dewey Decimal Classification     SGT Dental Library SGT Dental Library 09/03/2005 U.B.S.DELHI 780.00 1 SGTU 1305   617.695 E1984P FD3039 09/02/2015   09/04/2012 Books